Entry Nombre personal
001 - NÚMERO DE CONTROL
- campo de control: 95976
003 - IDENTIFICADOR DE NÚMERO DE CONTROL
- campo de control: SpMaBN
005 - FECHA Y HORA DE LA ÚLTIMA TRANSACCIÓN
- campo de control: 20241119125157.0
008 - ELEMENTOS DE DATO DE LONGITUD-FIJA
- campo de control de longitud fija: 960922nn ainnnaabn n aaa
010 ## - NÚMERO DE CONTROL DE LA BIBLIOTECA DEL CONGRESO
- Número de control de LC: XX1412011
016 ## - NÚMERO DE CONTROL DE UNA AGENCIA BIBLIOGRÁFICA NACIONAL
- Número de control del registro: BNE19999831618
024 7# - IDENTIFICADOR DE OTROS ESTÁNDARES
- Número estándar o código: https://isni.org/isni/0000000114833757
- Fuente: isni
024 7# - IDENTIFICADOR DE OTROS ESTÁNDARES
- Número estándar o código: http://viaf.org/viaf/164850447/
- Fuente: viaf
040 ## - FUENTE DE CATALOGACIÓN
- Centro catalogador/agencia de origen: SpMaBN
- Lengua de catalogación: spa
- Centro/agencia transcriptor: SpMaBN
- Normas de descripción: rdc
- Convención/Normas de encabezamiento de materia/tesauro: embne
046 ## - FECHAS CON CODIFICACIÓN ESPECIAL
- Fecha de nacimiento: 1908
- Fecha de la muerte: 1978
100 1# - ENCABEZAMIENTO-NOMBRE DE PERSONA
- Nombre de persona: Reid, John T.,
- Fechas asociadas al nombre: 1908-1978
400 1# - TRAZADO DE VÉASE--NOMBRE DE PERSONA
- Nombre de persona: Reid, John Turner,
- Fechas asociadas al nombre: 1908-1978
670 ## - FUENTE DE DATOS ENCONTRADOS
- Cita de la fuente: Modern Spain and liberalism, 1985;
- Información encontrada: port. (John T. Reid)
670 ## - FUENTE DE DATOS ENCONTRADOS
- Cita de la fuente: WWW LC auth., 14-01-2015;
- Información encontrada: (Reid, John T. (John Turner), 1908-1978)
670 ## - FUENTE DE DATOS ENCONTRADOS
- Cita de la fuente: WWW Bn España aut., 19-11-2024;
- Información encontrada: (Reid, John T., 1908-1978)
954 ## - CATALOGADOR -ALTA REGISTRO
- Nombre del catalogador: Inmaculada Vicente Garcia
